[Event "Berlin-ch QT"]
[Site "Berlin"]
[Date "2013.04.07"]
[Round "9"]
[White "Treskow, Anatol"]
[Black "Gremm, Albert Juergen"]
[Result "0-1"]
[WhiteElo "2058"]
[BlackElo "1885"]
[PlyCount "124"]
[EventDate "2013.03.30"]
[EventType "swiss"]
[EventRounds "9"]
[EventCountry "GER"]
[SourceTitle "EXT 2023"]
[Source "ChessBase"]
[SourceDate "2022.10.05"]
[SourceVersion "1"]
[SourceVersionDate "2022.10.05"]
[SourceQuality "1"]

1. e4 Nc6 2. d4 d5 3. e5 Bf5 4. c3 e6 5. Nf3 Na5 6. Be3 c6 7. Nbd2 b5 8. b4 Nc4 9. Nb3 Qb6 10. Bd3 Nb2 11. Qd2 Nxd3+ 12. Kf1 Be7 13. Bg5 h6 14. Bf4 g5 15. Bg3 Qd8 16. Na5 Kd7 17. a4 h5 18. h4 g4 19. Ng1 Bf8 20. Ne2 Bh6 21. Qa2 a6 22. Nb7 Qc7 23. Nd6 Bg6 24. axb5 cxb5 25. Nxb5 Qc4 26. Qa5 Nc1 27. Rxc1 Qxb5 28. Ra1 Ne7 29. Qa2 Bd3 30. Ke1 Bxe2 31. Qxe2 Qxe2+ 32. Kxe2 Rhc8 33. Kd3 Kc6 34. f3 Rg8 35. Be1 gxf3 36. gxf3 Nf5 37. Ra5 Rgb8 38. c4 dxc4+ 39. Kxc4 Rb5 40. Ra2 Ne3+ 41. Kd3 Nd5 42. Ra4 Kb7 43. Rh2 a5 44. bxa5 Rc8 45. Rha2 Rb3+ 46. Ke2 Rg8 47. R2a3 Rg2+ 48. Bf2 Nf4+ 49. Kf1 Rb1+ 50. Be1 Re2 51. Rb4+ Rxb4 52. Bxb4 Ka6 53. Be1 Rc2 54. Rb3 Nd5 55. Rb1 Ne3+ 56. Kg1 Rg2+ 57. Kh1 Re2 58. Kg1 Nd5 59. Kf1 Rc2 60. Kg1 Be3+ 61. Kf1 Nf4 62. Rd1 Rh2 0-1

[Event "Berlin-ch Seniors op 27th"]
[Site "Berlin"]
[Date "2011.02.04"]
[Round "7"]
[White "Treskow, Anatol"]
[Black "Ahlberg, Guenter"]
[Result "0-1"]
[WhiteElo "1825"]
[BlackElo "1865"]
[PlyCount "87"]
[EventDate "2011.01.29"]
[EventType "swiss"]
[EventRounds "9"]
[EventCountry "GER"]
[SourceTitle "EXT 2012"]
[Source "ChessBase"]
[SourceDate "2011.11.24"]
[SourceVersion "1"]
[SourceVersionDate "2011.11.24"]
[SourceQuality "1"]

1. e4 c6 2. d4 d5 3. Nc3 dxe4 4. Nxe4 Bf5 5. Ng3 Bg6 6. Nf3 Nd7 7. Bd3 e6 8. 0-0 Ngf6 9. c4 Bd6 10. Re1 Bxd3 11. Qxd3 0-0 12. h3 Qc7 13. Ne4 Nxe4 14. Rxe4 Be7 15. Bf4 Qd8 16. Qb3 Nf6 17. Ree1 Qb6 18. Qc2 Rac8 19. Rad1 Rfd8 20. Be5 Nd7 21. Bf4 Bf6 22. c5 Qa6 23. b4 b5 24. g4 Qa3 25. Re3 Qxb4 26. g5 Be7 27. h4 Nf8 28. Rc3 Rd5 29. Rb1 Qa5 30. Rbb3 Qd8 31. a4 a6 32. Rd3 f6 33. gxf6 Bxf6 34. axb5 axb5 35. Bg3 Bxd4 36. Bd6 Bf6 37. Rxd5 exd5 38. h5 h6 39. Qf5 Qd7 40. Qf4 Qh3 41. Bxf8 Kxf8 42. Qd6+ Be7 43. Qg6 Ra8 44. Nd4 0-1

[Event "Berlin-ch Seniors op 27th"]
[Site "Berlin"]
[Date "2011.02.01"]
[Round "4"]
[White "Fechner, Joachim"]
[Black "Treskow, Anatol"]
[Result "1-0"]
[WhiteElo "1920"]
[BlackElo "1825"]
[PlyCount "61"]
[EventDate "2011.01.29"]
[EventType "swiss"]
[EventRounds "9"]
[EventCountry "GER"]
[SourceTitle "EXT 2012"]
[Source "ChessBase"]
[SourceDate "2011.11.24"]
[SourceVersion "1"]
[SourceVersionDate "2011.11.24"]
[SourceQuality "1"]

1. e4 e6 2. d4 d5 3. Nd2 Nf6 4. e5 Nfd7 5. f4 c5 6. Ndf3 Nc6 7. Ne2 Qb6 8. c3 cxd4 9. Nexd4 Nxd4 10. cxd4 Bb4+ 11. Bd2 0-0 12. Bd3 f6 13. Bxb4 Qxb4+ 14. Qd2 Qxd2+ 15. Kxd2 fxe5 16. fxe5 Nb8 17. Rhf1 Nc6 18. Ng5 Bd7 19. Bxh7+ Kh8 20. Ke3 Ne7 21. Bd3 g6 22. Rac1 Rxf1 23. Rxf1 Nf5+ 24. Bxf5 gxf5 25. Rc1 Rc8 26. Rxc8+ Bxc8 27. Nf7+ Kg7 28. Nd6 Bd7 29. Nxb7 Kg6 30. Nc5 Bc8 31. Kf4 1-0

[Event "Berlin-ch Seniors op 27th"]
[Site "Berlin"]
[Date "2011.01.30"]
[Round "2"]
[White "Scholz, Werner"]
[Black "Treskow, Anatol"]
[Result "0-1"]
[WhiteElo "1496"]
[BlackElo "1825"]
[PlyCount "55"]
[EventDate "2011.01.29"]
[EventType "swiss"]
[EventRounds "9"]
[EventCountry "GER"]
[SourceTitle "EXT 2012"]
[Source "ChessBase"]
[SourceDate "2011.11.24"]
[SourceVersion "1"]
[SourceVersionDate "2011.11.24"]
[SourceQuality "1"]

1. d4 Nf6 2. Nf3 e6 3. e3 d5 4. Bd3 c5 5. c3 b6 6. Nbd2 Ba6 7. c4 Nbd7 8. 0-0 Be7 9. b3 0-0 10. Bb2 Rc8 11. Qe2 Qc7 12. Rac1 Qb8 13. e4 dxe4 14. Nxe4 cxd4 15. Bxd4 Bb7 16. Nxf6+ Nxf6 17. Ng5 Rfe8 18. Bxf6 Bxf6 19. Nxh7 Bd4 20. Qg4 Qd6 21. Qh3 Rc5 22. Rcd1 Qf4 23. Bc2 g6 24. Qg3 Qxg3 25. hxg3 Bg7 26. Rd7 Bc6 27. Rxa7 Kxh7 28. Rxf7 0-1

[Event "Berlin-ch Seniors op 27th"]
[Site "Berlin"]
[Date "2011.01.29"]
[Round "1"]
[White "Treskow, Anatol"]
[Black "Steppan, Siegfried"]
[Result "1/2-1/2"]
[WhiteElo "1825"]
[BlackElo "1514"]
[PlyCount "71"]
[EventDate "2011.01.29"]
[EventType "swiss"]
[EventRounds "9"]
[EventCountry "GER"]
[SourceTitle "EXT 2012"]
[Source "ChessBase"]
[SourceDate "2011.11.24"]
[SourceVersion "1"]
[SourceVersionDate "2011.11.24"]
[SourceQuality "1"]

1. e4 c6 2. d4 d5 3. exd5 cxd5 4. c4 Nf6 5. Nc3 e6 6. Nf3 Be7 7. Be2 0-0 8. 0-0 dxc4 9. Bxc4 Qc7 10. Qe2 a6 11. h3 b5 12. Bb3 Bb7 13. Be3 Nc6 14. Rac1 Rac8 15. d5 exd5 16. Nxd5 Nxd5 17. Bxd5 Qb8 18. Rfd1 Nb4 19. Bxb7 Qxb7 20. a3 Nd5 21. Bd4 Nf4 22. Qe5 Ne6 23. Bc3 Bf6 24. Qe3 Bxc3 25. Rxc3 Rxc3 26. Qxc3 Rc8 27. Qd3 Qc7 28. g3 Rd8 29. Qe2 Rxd1+ 30. Qxd1 h6 31. Qd2 Qd8 32. Qxd8+ Nxd8 33. Nd4 Kf8 34. Kf1 Ke7 35. Ke2 g6 36. Ke3 1/2-1/2

[Event "Berlin Kreuzberg op"]
[Site "Berlin"]
[Date "2007.07.21"]
[Round "8"]
[White "Treskow, Anatol"]
[Black "Cusnariov, Nikolai"]
[Result "0-1"]
[WhiteElo "2030"]
[BlackElo "2151"]
[PlyCount "134"]
[EventDate "2007.07.20"]
[EventType "swiss"]
[EventRounds "9"]
[EventCountry "GER"]
[SourceTitle "EXT 2008"]
[Source "ChessBase"]
[SourceDate "2007.11.25"]
[SourceVersion "1"]
[SourceVersionDate "2007.11.25"]
[SourceQuality "1"]

1. e4 c5 2. Nf3 d6 3. d4 cxd4 4. Nxd4 Nf6 5. Nc3 a6 6. Bc4 e6 7. Bb3 b5 8. Bg5 Be7 9. Qf3 Qc7 10. Nce2 Nbd7 11. Ng3 Nc5 12. c3 Bb7 13. Bxf6 Bxf6 14. 0-0 0-0 15. Qe2 Bxd4 16. cxd4 Nxb3 17. axb3 Rac8 18. Qg4 Qe7 19. Nh5 f5 20. exf5 Rxf5 21. Qe2 Qf7 22. Ng3 Rf4 23. Rad1 Bd5 24. Rd3 g6 25. f3 a5 26. Rc3 Rb8 27. Ne4 b4 28. Rcc1 Bxb3 29. Nxd6 Qf6 30. Qe5 Qxe5 31. dxe5 Bd5 32. Kf2 a4 33. Ke3 Rh4 34. h3 a3 35. bxa3 bxa3 36. Ne4 Bxe4 37. fxe4 Rb3+ 38. Kd4 Rb4+ 39. Kc5 Rhxe4 40. Kd6 Rb6+ 41. Kc5 Ra6 42. Kb5 Rea4 43. Rfe1 a2 44. Ra1 Kf7 45. Re2 Ke7 46. Rc2 R4a5+ 47. Kb4 Rxe5 48. Raxa2 Rxa2 49. Rxa2 Kf6 50. Kc4 Re1 51. Kd3 h5 52. Rf2+ Kg5 53. Kd2 Re5 54. g3 Ra5 55. Rf3 e5 56. Ke2 Ra2+ 57. Kf1 h4 58. g4 e4 59. Rb3 Kf4 60. Kg1 e3 61. Kf1 Kf3 62. Kg1 Re2 63. Ra3 Rg2+ 64. Kh1 Rg3 65. Kh2 Kf2 66. g5 e2 67. Ra1 Rg2+ 0-1

[Event "Berlin Lichtenberger op 6th"]
[Site "Berlin"]
[Date "2007.??.??"]
[Round "?"]
[White "Dimitrijeski, Kristian"]
[Black "Treskow, Anatol"]
[Result "1-0"]
[WhiteElo "2088"]
[BlackElo "2030"]
[PlyCount "89"]
[EventDate "2007.08.18"]
[EventType "swiss"]
[EventRounds "9"]
[EventCountry "GER"]
[SourceTitle "CBM 120 Extra"]
[Source "ChessBase"]
[SourceDate "2007.11.01"]
[SourceVersion "1"]
[SourceVersionDate "2007.11.01"]
[SourceQuality "1"]

1. d4 d5 2. c4 e6 3. Nc3 Nf6 4. Bg5 Be7 5. e3 Nbd7 6. Qc2 c6 7. cxd5 exd5 8. Bd3 Nh5 9. Bxe7 Qxe7 10. Nf3 Nhf6 11. 0-0-0 0-0 12. g4 g6 13. Rdg1 Re8 14. h4 Ne4 15. Bxe4 dxe4 16. Nd2 Nf6 17. g5 Nd5 18. Qxe4 Bf5 19. Qxe7 Rxe7 20. Nf3 Nxc3 21. bxc3 Be4 22. Rh3 c5 23. Kd2 cxd4 24. exd4 Bf5 25. Rhg3 Kg7 26. Re1 Rxe1 27. Nxe1 h6 28. Re3 hxg5 29. hxg5 Be6 30. a3 Rd8 31. Nd3 b6 32. Nf4 Bf5 33. Re7 Rd7 34. Rxd7 Bxd7 35. Nd5 Kf8 36. Ke3 Ba4 37. Kf4 Bb3 38. Ke5 Ke8 39. Kd6 Kd8 40. Nf6 Be6 41. d5 Bf5 42. Ng8 Be4 43. Ne7 a6 44. Nc6+ Kc8 45. Ne5 1-0

[Event "Berlin Lichtenberger op 6th"]
[Site "Berlin"]
[Date "2007.??.??"]
[Round "?"]
[White "Treskow, Anatol"]
[Black "Hesselbarth, Karlheinz"]
[Result "1-0"]
[WhiteElo "2030"]
[BlackElo "1909"]
[PlyCount "71"]
[EventDate "2007.08.18"]
[EventType "swiss"]
[EventRounds "9"]
[EventCountry "GER"]
[SourceTitle "CBM 120 Extra"]
[Source "ChessBase"]
[SourceDate "2007.11.01"]
[SourceVersion "1"]
[SourceVersionDate "2007.11.01"]
[SourceQuality "1"]

1. e4 e5 2. Nf3 Nc6 3. Bb5 a6 4. Ba4 d6 5. c3 Bd7 6. 0-0 Nge7 7. d4 Ng6 8. Re1 Be7 9. Nbd2 h6 10. Nf1 Bf6 11. Ne3 Nce7 12. Bc2 c6 13. Nc4 Qc7 14. dxe5 dxe5 15. Nd6+ Kf8 16. Bb3 Be8 17. Nc4 Rd8 18. Qc2 Nc8 19. Be3 Nge7 20. Rad1 Rxd1 21. Rxd1 g5 22. a4 g4 23. Ne1 Kg7 24. Nd3 Ng6 25. a5 Nf4 26. Bxf4 exf4 27. e5 Bg5 28. Nc5 Ne7 29. Nd6 Qxa5 30. Ndxb7 Qb6 31. Ra1 Qc7 32. Nd6 a5 33. Qd3 Rf8 34. Qc4 Ng6 35. Qe4 Qe7 36. Nf5+ 1-0

[Event "Berlin Lichtenberger op 6th"]
[Site "Berlin"]
[Date "2007.??.??"]
[Round "?"]
[White "Treskow, Anatol"]
[Black "Lohse, Steffen"]
[Result "0-1"]
[WhiteElo "2030"]
[BlackElo "1918"]
[PlyCount "76"]
[EventDate "2007.08.18"]
[EventType "swiss"]
[EventRounds "9"]
[EventCountry "GER"]
[SourceTitle "CBM 120 Extra"]
[Source "ChessBase"]
[SourceDate "2007.11.01"]
[SourceVersion "1"]
[SourceVersionDate "2007.11.01"]
[SourceQuality "1"]

1. e4 d5 2. exd5 Qxd5 3. Nc3 Qa5 4. Nf3 c6 5. Bc4 Bg4 6. h3 Bh5 7. g4 Bg6 8. d3 h6 9. Qe2 Nd7 10. Bd2 Qc7 11. 0-0-0 e6 12. Nh4 Bh7 13. f4 0-0-0 14. Rhf1 Be7 15. Ng2 Nb6 16. Bb3 Nf6 17. Ne4 Nbd5 18. Qe1 Rd7 19. Ba5 Qb8 20. Qf2 Nxe4 21. dxe4 Bxe4 22. Rfe1 Bxg2 23. Qxg2 Qxf4+ 24. Kb1 Ne3 25. Qg1 Rxd1+ 26. Rxd1 Nxd1 27. Qxd1 b6 28. Be1 Rd8 29. Qe2 Kb7 30. Bc4 Bg5 31. a3 Qe3 32. Ba6+ Kc7 33. Qxe3 Bxe3 34. Bg3+ Kd7 35. Bb7 f6 36. b4 e5 37. c4 Kc7 38. Ba6 Rd3 0-1

[Event "Berlin op 08"]
[Site "Berlin"]
[Date "2006.08.20"]
[Round "2"]
[White "Treskow, Anatol"]
[Black "Shapiro, Yosip"]
[Result "0-1"]
[WhiteElo "1886"]
[BlackElo "2006"]
[PlyCount "82"]
[EventDate "2006.08.19"]
[EventType "swiss"]
[EventRounds "9"]
[EventCountry "GER"]
[SourceTitle "EXT 2007"]
[Source "ChessBase"]
[SourceDate "2006.11.23"]
[SourceVersion "1"]
[SourceVersionDate "2006.11.23"]
[SourceQuality "1"]

1. e4 c5 2. d3 Nc6 3. g3 g6 4. Bg2 Bg7 5. Nf3 Nf6 6. c3 d6 7. Be3 0-0 8. 0-0 Rb8 9. Nbd2 Ng4 10. Bg5 h6 11. Be3 Nxe3 12. fxe3 e5 13. Nh4 b5 14. b3 Be6 15. Ndf3 Ne7 16. Ne1 d5 17. Qe2 c4 18. d4 dxe4 19. Bxe4 f5 20. Bc2 e4 21. b4 g5 22. Nhg2 Nd5 23. Qd2 a5 24. a3 Ra8 25. Qc1 Nxc3 26. Qb2 Nd5 27. bxa5 Qxa5 28. g4 Qc3 29. Qxc3 Nxc3 30. gxf5 Bxf5 31. h4 b4 32. a4 b3 33. a5 Bg4 34. Rxf8+ Bxf8 35. a6 Be2 36. hxg5 hxg5 37. Ra5 Be7 38. a7 Bd3 39. Bxd3 cxd3 40. Nxd3 exd3 41. e4 b2 0-1

[Event "Berlin op 08"]
[Site "Berlin"]
[Date "2006.08.19"]
[Round "1"]
[White "Schulz, Hartmut"]
[Black "Treskow, Anatol"]
[Result "1/2-1/2"]
[WhiteElo "2088"]
[BlackElo "1886"]
[PlyCount "109"]
[EventDate "2006.08.19"]
[EventType "swiss"]
[EventRounds "9"]
[EventCountry "GER"]
[SourceTitle "EXT 2007"]
[Source "ChessBase"]
[SourceDate "2006.11.23"]
[SourceVersion "1"]
[SourceVersionDate "2006.11.23"]
[SourceQuality "1"]

1. d4 Nf6 2. Nf3 e6 3. c4 d5 4. Nc3 b6 5. cxd5 exd5 6. Bg5 Be7 7. e3 0-0 8. Rc1 Bb7 9. Qb3 Nbd7 10. Be2 a6 11. 0-0 c5 12. dxc5 Nxc5 13. Qd1 Rc8 14. Nd4 Nfe4 15. Bxe7 Qxe7 16. Nxd5 Bxd5 17. Nf5 Qf6 18. Qxd5 Rfd8 19. Qc4 Qxf5 20. Bf3 Nf6 21. Rfd1 Rxd1+ 22. Rxd1 Qe6 23. Qd4 h6 24. b3 Nce4 25. h3 Qc6 26. Bxe4 Nxe4 27. f3 Nc3 28. Rd2 Qc5 29. Qd3 b5 30. Kf2 a5 31. Qd7 b4 32. Rd4 Qc7 33. Qf5 Rd8 34. Rc4 Qd7 35. Qxa5 Qd2+ 36. Kg3 Nxa2 37. Kh2 Qd6+ 38. f4 Qd2 39. Rc7 Qd6 40. Qa7 Rf8 41. Rc4 Nc3 42. Rd4 Nd5 43. Qb7 Rd8 44. Kh1 f5 45. Qb5 Qe6 46. Qd3 Rd7 47. Qc4 Kf7 48. Qb5 Ke7 49. Qc5+ Qd6 50. Qb5 Qb6 51. Rxd5 Qxb5 52. Rxb5 Rd3 53. Rxb4 Rxe3 54. Rd4 Rxb3 55. Kh2 1/2-1/2

[Event "Berlin op 07"]
[Site "Berlin"]
[Date "2006.07.09"]
[Round "2"]
[White "Treskow, Anatol"]
[Black "Jaeger, Andre"]
[Result "1/2-1/2"]
[WhiteElo "1801"]
[BlackElo "2120"]
[PlyCount "83"]
[EventDate "2006.07.08"]
[EventType "swiss"]
[EventRounds "9"]
[EventCountry "GER"]
[SourceTitle "CBM 113 Extra"]
[Source "ChessBase"]
[SourceDate "2006.09.14"]
[SourceVersion "1"]
[SourceVersionDate "2006.09.14"]
[SourceQuality "1"]

1. e4 c5 2. Nf3 Nc6 3. d4 cxd4 4. Nxd4 Nf6 5. Nc3 e5 6. Ndb5 d6 7. Bg5 a6 8. Na3 Be6 9. Nc4 Rc8 10. Ne3 Be7 11. Bd3 Nxe4 12. Bxe7 Nxc3 13. Qd2 Nxe7 14. bxc3 f5 15. 0-0 0-0 16. f4 e4 17. Be2 d5 18. Rab1 Qc7 19. Nd1 Nc6 20. Rb2 Na5 21. Qd4 Qc5 22. Kh1 Qxd4 23. cxd4 Rc7 24. Kg1 Rfc8 25. Ne3 Rc3 26. Kf2 Ra3 27. Rc1 b5 28. Bf1 Ra4 29. c3 Rxd4 30. cxd4 Rxc1 31. a4 Nc4 32. Bxc4 bxc4 33. Rb6 Kf7 34. Rxa6 Ra1 35. a5 Ra2+ 36. Ke1 h6 37. h4 h5 38. Ra7+ Kf6 39. a6 Bf7 40. Nxf5 Kxf5 41. Rxf7+ Kg6 42. Rd7 1/2-1/2